MyGZULibrary

History of the Second World War / (Record no. 747)

MARC details
000 -LEADER
fixed length control field 00720cam a2200229 a 4500
001 - CONTROL NUMBER
control field 4191951
003 - CONTROL NUMBER IDENTIFIER
control field GZU
005 - DATE AND TIME OF LATEST TRANSACTION
control field 20200911130346.0
008 - FIXED-LENGTH DATA ELEMENTS--GENERAL INFORMATION
fixed length control field 830302s1980 nyua 001 0 eng
010 ## - LIBRARY OF CONGRESS CONTROL NUMBER
LC control number 80080953
020 ## - INTERNATIONAL STANDARD BOOK NUMBER
International Standard Book Number 0896730654
040 ## - CATALOGING SOURCE
Original cataloging agency DLC
Transcribing agency DLC
Modifying agency DLC
050 00 - LIBRARY OF CONGRESS CALL NUMBER
Classification number D 299 HAR 1973
245 00 - TITLE STATEMENT
Title History of the Second World War /
Statement of responsibility, etc. editor-in-chief, Sir Basil Liddell Hart.
260 ## - PUBLICATION, DISTRIBUTION, ETC.
Place of publication, distribution, etc. New York :
Name of publisher, distributor, etc. Exeter Books :
-- distributed by Bookthrift,
Date of publication, distribution, etc. 1973
300 ## - PHYSICAL DESCRIPTION
Extent 829p. :
Other physical details ill. ;
Dimensions 31 cm.
500 ## - GENERAL NOTE
General note Includes index.
650 #0 - SUBJECT ADDED ENTRY--TOPICAL TERM
Topical term or geographic name entry element World War, 1939-1945.
700 2# - ADDED ENTRY--PERSONAL NAME
Personal name Liddell Hart, Basil Henry,
Titles and other words associated with a name Sir,
Dates associated with a name 1895-1970.
906 ## - LOCAL DATA ELEMENT F, LDF (RLIN)
a 7
b cbc
c orignew
d 2
e opcn
f 19
g y-gencatlg
942 ## - ADDED ENTRY ELEMENTS (KOHA)
Source of classification or shelving scheme Library of Congress Classification
Koha item type Books
Classification part 299
Item part HAR
Call number prefix D
Holdings
Withdrawn status Lost status Damaged status Not for loan Collection code Home library Current library Shelving location Date acquired Total Checkouts Full call number Barcode Date last seen Price effective from Koha item type
        Non-fiction City Campus Library City Campus Library General Stacks 09/11/2020   D 299 HAR 1973 018454 09/11/2020 09/11/2020 Books